000 004900000a22001810004500
090 _aAR
_b02750
245 1 0 _aSclerotiniaceae V. on some tropical Lambertella species
650 1 4 _aMicología
_97797
650 1 4 _aTaxonomía
_992343
650 1 4 _aMorfología
_992917
650 1 4 _aHábitat
_992506
650 1 4 _aDistribución
_992865
653 _gLambertella
041 0 _aInglés
100 1 _aDumont, Kent P.
_996188
942 _cARTICULO
773 1 _tMycologia
_3678
_q341-346
_d1974
_g66
999 _c11811
_d11811